Statistics for Fast Math

Click here to take the quiz!

General Stats

  • This quiz has been taken 389 times
  • The average score is 15 of 15

Answer Stats

Hint Answer % Correct
3*412
100%
7*17
100%
5*210
100%
9*218
98%
1*66
98%
5*00
98%
6*636
98%
8*972
98%
8*18
98%
5*840
98%
9*981
98%
5*945
98%
7*535
98%
4*832
98%
0*12320
97%

Score Distribution

Percentile by Number Answered

Percent of People with Each Score

Your Score History

You have not taken this quiz